00572nam a2200181Ia 450000500170000000800410001704000190005804100120007708200130008910000200010224500980012226000440022030000170026450400500028165000280033170000210035985000100038020230713092253.0131103s9999 xx 000 0 und d aLoreto College aEnglish a973bKEN aKennedy,John F. 4aThe Burden and the GlorycJohn F.Kennedy;edited by Allen Nevin's foreword by Lyndon B.Johnson aNew YorkbHarper & Row,Publishersc1964 axvii,293 p.  aIncludes bibliographical references and index aUnited States - History aNevins,Allan,ed. aLCLIB